LEADER 01046nam0 2200337 450 001 990000825680203316 005 19980923084751.3 035 $a0082568 035 $aUSA010082568 035 $a(ALEPH)000082568USA01 035 $a0082568 100 $a19980923d1964 |||||ita|01 ba 101 $aita 102 $aIT 105 $a|||| ||||| 200 1 $aHLa Ipoesia di William Collins$fMarcello Pagnini 210 $aBari$cAdriatica$d1964. 215 $a151 p.$d22 cm 225 $aBiblioteca di studi inglesi$v4. 410 1$1001CFI0026161$12001$aBiblioteca di studi inglesi$v4. 610 0 $aCollins, william$3UFIC026727 676 $a821.5$v19 700 1$aPagnini$b, Marcello$3CFIV008506$0122922 801 0$aIT$bUNFI$c19980923 912 $a990000825680203316 950 0$aBiblioteca Scienze della Formazione$b1 v.$c1 v.$dMGRECUP21.4D 180$eMG0000462325 199210071 v. 959 $aBK 979 $aPATTY$b90$c20020102$lUSA01$h0941 979 $c20020403$lUSA01$h1728 979 $aPATRY$b90$c20040406$lUSA01$h1657 997 $aUNISA